Joueurs ayant marqué plus de 10 buts en équipe de France - Statistiques

Statistiques générales
  • Ce quiz a été pris 248 fois
  • Le résultat moyen est 15 sur 38
Statistiques - réponses
Période Nombre de match Nombre de buts Réponse % Correct
3 2017- 75 46 Kyllian Mbappé
100%
1 2011- 129 56 Olivier Giroud
100%
4 2014 - 127 44 Antoine Griezmann
98%
2 1998-2010 123 51 Thierry Henry
95%
8 1994 - 2006 108 31 Zinedine Zidane
95%
6 2007 - 2022 97 37 Karim Benzema
93%
5 1976 - 1987 72 41 Michel Platini
92%
7 1998 - 2008 71 34 David Trézéguet
78%
21 2006 - 2014 81 16 Franck Ribéry
74%
9 1953 - 1960 21 30 Just Fontaine
74%
35 2013 - 2022 91 11 Paul Pogba
69%
10 1986 - 1995 54 29 Jean-Pierre Papin
66%
22 1989 - 2000 97 16 Laurent Blanc
55%
19 1952 - 1962 45 18 Raymond Kopa
55%
26 1998 - 2010 69 14 Nicolas Anelka
52%
16 1987 - 1995 45 20 Éric Cantona
51%
11 1993 - 2002 82 28 Youri Djorkaeff
51%
12 1996 - 2006 92 26 Sylvain Wiltord
41%
27 1996 - 2004 79 14 Robert Pirès
37%
24 1975 - 1986 49 15 Dominique Rocheteau
23%
28 1976 - 1984 52 13 Didier Six
17%
18 1952 - 1961 37 18 Roger Piantoni
14%
30 1973 - 1984 38 12 Bernard Lacombe
12%
13 1953 - 1961 46 22 Jean Vincent
9%
20 1966 - 1975 31 16 Hervé Revelli
8%
34 1980 - 1988 33 11 Yannick Stopyra
8%
14 1933 - 1938 25 21 Jean Nicolas
6%
15 1920 - 1931 35 20 Paul Nicolas
6%
17 1944 - 1952 32 19 Jean Baratte
4%
32 1951 - 1958 13 11 Thadée Cisowski
3%
38 1967 - 1974 37 10 Charly Loubet
2%
25 1929 - 1940 24 14 Émile Veinante
2%
23 1911 - 1913 11 15 Eugène Maes
2%
37 1933 - 1947 22 10 Roger Courtois
2%
33 1945 - 1949 15 11 Ernest Vaast
1%
36 1952 - 1960 21 10 Joseph Ujlaki
1%
29 1955 - 1963 33 12 Maryan Wisnieski
1%
31 1920 - 1929 41 12 Jules Duwaquez
0%
Aucun quiz correspondant
Distribution des résultats
% des personnes avec chaque résultat
Percentile par nombre de réponses
Votre historique - résultats
Vous n’avez pas pris ce quiz